Projekt horskej chaty

Saved in:
Bibliographic Details
Main Author: Fajčíková, Júlia (Author)
Other Authors: Hanuliak, Peter (Thesis advisor)
Format: Manuscript Book
Language:Slovak
Published: 2024
Subjects:
Online Access:http://is.stuba.sk/zp/portal_zp.pl?podrobnosti=175974
https://opac.crzp.sk/?fn=detailBiblioForm&sid=AA0D9432EF6DE826C919164F11D3
Tags: Add Tag
No Tags, Be the first to tag this record!

MARC

LEADER 00000ntm a22000003a 4500
001 stuzp99053
003 SK-STU
005 20240919140753.3
007 ta
008 150427s2015----xo-----f-mn---000-0-slo-d
040 |a STU  |b slo 
041 0 |a slo 
100 1 |a Fajčíková, Júlia  |u 010180  |4 aut  |U SvF Stavebná fakulta  |T SvF Katedra konštrukcií pozemných stavieb  |X 98168  |U V180  |Y 18  |7 98168 
242 0 1 |a Mountain chalet project  |y eng 
245 1 0 |a Projekt horskej chaty 
260 |c 2024 
650 4 |a horská chata  |2 slo 
650 4 |a drevené moduly  |2 slo 
650 4 |a stužujúce prvky  |2 slo 
650 4 |a mountain cabin  |2 eng 
650 4 |a wood cuboid  |2 eng 
650 4 |a solidified rods  |2 eng 
700 1 |a Hanuliak, Peter  |u 010180  |k Z1  |4 ths  |U SvF Stavebná fakulta  |T SvF Katedra konštrukcií pozemných stavieb  |X 11280  |U V180  |Y 18  |7 A000011280 
856 4 |u http://is.stuba.sk/zp/portal_zp.pl?podrobnosti=175974 
856 4 |u https://opac.crzp.sk/?fn=detailBiblioForm&sid=AA0D9432EF6DE826C919164F11D3